000 00236nam a2200097Ia 4500
008 190216s9999||||xx |||||||||||||| ||und||
100 _aDharmaveer Bharathy
245 0 _aHindi-Pusth Namem
260 _bPrabhakar Publications
942 _cBK
999 _c15377
_d15377